Capitaines d'Equipes vainqueurs de la Coupe du Monde - Statistiques

Statistiques générales
  • Ce quiz a été pris 63 fois
  • Le résultat moyen est 8 sur 15
Statistiques - réponses
Hint Réponse % Correct
2022 Lionel Messi
100%
2018 Hugo Lloris
98%
1998 Didier Deschamps
83%
2010 Iker Casillas
71%
2006 Fabio Cannavaro
69%
1986 Diego Maradona
63%
2014 Philipp Lahm
63%
2002 Cafú
59%
1974 Franz Beckenbauer
42%
1966 Bobby Moore
37%
1990 Lothar Matthaüs
31%
1982 Dino Zoff
29%
1994 Dunga
22%
1978 Daniel Passarella
20%
1970 Carlos Alberto
19%
Aucun quiz correspondant
Distribution des résultats
% des personnes avec chaque résultat
Percentile par nombre de réponses
Votre historique - résultats
Vous n’avez pas pris ce quiz